Gondwanas in India, (Record no. 85379)
[ view plain ]
| 000 -LEADER | |
|---|---|
| fixed length control field | 00729cam a2200229 4500 |
| 001 - CONTROL NUMBER | |
| control field | sa 68013827 |
| 003 - CONTROL NUMBER IDENTIFIER | |
| control field | DLC |
| 005 - DATE AND TIME OF LATEST TRANSACTION | |
| control field | 20260227112626.0 |
| 008 - FIXED-LENGTH DATA ELEMENTS--GENERAL INFORMATION | |
| fixed length control field | 691210s1964 ii b 00010 eng |
| 010 ## - LIBRARY OF CONGRESS CONTROL NUMBER | |
| LC control number | sa 68013827 //r882 |
| 025 ## - OVERSEAS ACQUISITION NUMBER | |
| Overseas acquisition number | PL480:I-E-8300 |
| 050 0# - LIBRARY OF CONGRESS CALL NUMBER | |
| Classification number | QE295 |
| Item number | .M44 |
| 100 10 - MAIN ENTRY--PERSONAL NAME | |
| Personal name | Mehta, D. R. S. |
| Fuller form of name | (Dev Raj Singh), |
| Dates associated with a name | 1917- |
| 245 10 - TITLE STATEMENT | |
| Title | Gondwanas in India, |
| Statement of responsibility, etc. | by D. R. S. Mehta. |
| 260 0# - PUBLICATION, DISTRIBUTION, ETC. | |
| Place of publication, distribution, etc. | New Delhi, |
| Date of publication, distribution, etc. | 1964. |
| 300 ## - PHYSICAL DESCRIPTION | |
| Extent | 21 p. |
| Dimensions | 23 cm. |
| 350 ## - PRICE (NR) (BK AM CF MU VM SE) [OBSOLETE] | |
| Price | 2.00 |
| 500 ## - GENERAL NOTE | |
| General note | At head of title: International Geological Congress, Twenty-second session, India, 1964. |
| 504 ## - BIBLIOGRAPHY, ETC. NOTE | |
| Bibliography, etc. note | Bibliography: p. 19-21. |
| 650 #0 - SUBJECT ADDED ENTRY--TOPICAL TERM | |
| Topical term or geographic name entry element | Geology |
| Geographic subdivision | India. |
| 711 20 - ADDED ENTRY--MEETING NAME | |
| Meeting name or jurisdiction name as entry element | International Geological Congress |
| Number of part/section/meeting | (22nd : |
| Date of meeting or treaty signing | 1964 : |
| Location of meeting | Delhi, India) |
No items available.